| 000 | 00413nam a2200145Ia 4500 | ||
|---|---|---|---|
| 008 | 220216s9999 xx 000 0 und d | ||
| 100 | _aAbraham M S | ||
| 245 | 0 | _aNew developments in rubber production and processing : 2 Advanced planting materials | |
| 260 |
_bRubber Board Bulletin _c1983 |
||
| 300 | _a8-Jun | ||
| 650 | _aPlanting materials | ||
| 650 | _aPolybag planting | ||
| 650 | _aRubber | ||
| 942 | _cJS | ||
| 999 |
_c63785 _d63785 |
||